La desmesura de la calma
Saved in:
| Hovedforfatter: | |
|---|---|
| Format: | Bog |
| Sprog: | spansk |
| Udgivet: |
Viña del Mar
Altazor
1999
|
| Fag: | |
| Tags: |
Tilføj Tag
Ingen Tags, Vær først til at tagge denne postø!
|
MARC
| LEADER | 00000cam a2200000 a 4500 | ||
|---|---|---|---|
| 001 | UCF2593 | ||
| 003 | CL-VaPUC | ||
| 008 | 120830e19990000CL |||||||||||||||||spa|d | ||
| 020 | |a 9567472130 | ||
| 082 | 0 | 4 | |a 863 |b COR |2 21 |
| 100 | 0 | |a Correa, Eduardo |e author |9 564296 | |
| 245 | 1 | 3 | |a La desmesura de la calma |
| 300 | |a 84 p | ||
| 942 | |c BK | ||
| 945 | |d 20120830 00:00:00 |a dcastane | ||
| 260 | |a Viña del Mar |b Altazor |c 1999 | ||
| 650 | 0 | |a Cuentos chilenos |9 308280 | |
| 650 | 0 | |a Narrativa chilena |9 342463 | |
| 650 | 0 | |a Literatura chilena |9 308278 | |
| 583 | |a last modification |c 20120830 10:25:00 |k Rodrigo Vera | ||
| 999 | |c 349135 |d 349133 | ||
| 952 | |0 0 |1 0 |4 0 |6 863_000000000000000_COR_1999 |7 0 |8 A |9 451596 |a BIBING |b BIBING |d 2019-11-22 |i 489653K |l 2 |o 863 COR 1999 |p 489653K |q 2025-06-04 |r 2025-05-05 |s 2025-05-05 |w 2019-11-22 |y BK |k CUI | ||
| 952 | |0 0 |1 0 |4 0 |6 863_000000000000000_COR_1999 |7 0 |8 C |9 451597 |a BIBCUR |b BIBCUR |d 2019-11-22 |i 4896408 |o 863 COR 1999 |p 4896408 |r 2025-04-22 |w 2019-11-22 |y BK |k CAC | ||